Canada True or False? - Statistics

General Stats
  • This quiz has been taken 55,161 times
  • The average score is 11 of 15
Answer Stats
Question Answer % Correct
Canada is the largest country in the world by surface area False
92%
Most of the population of Canada lives within 100 miles of the U.S. border True
89%
Quebec nearly voted to secede in 1995 True
86%
Saskatchewan is one of the "Prairie Provinces" True
82%
Ottawa is the northernmost national capital in the world False
81%
Canada is led by a President False
81%
Technically, King Charles III has the legal power to dissolve Canada's House of Commons True
76%
The territory of Nunavut got its name because it's so far north that Manitoba wanted "none of it" False
75%
Newfoundland and Labrador is Canada's easternmost province True
73%
It is illegal to own guns in Canada False
67%
The United States once captured and looted Toronto, then known as York True
62%
Tim Horton was a hockey player True
62%
The national animal of Canada is the moose False
57%
A majority of people living in Vancouver were born in China or Hong Kong False
55%
Canada touches all five of the Great Lakes of North America False
53%
No matching quizzes found
Score Distribution
Percent of People with Each Score
Percentile by Number Answered
Your Score History
You have not taken this quiz